Responses for show #7752 - Tuesday, May 1, 2018

Contestants

[<< previous game]

Geoff Brousseau, an epidemiologist from Centennial, Colorado

Jan Brown, an air traffic controller from Warwick, Rhode Island

Osman Syed, a student from Jamesville, New York (whose 1-day cash winnings total $33,333)

[next game >>]

Jeopardy! Round responses

THE ANCIENT GREEKS
I'LL BE THE JUDGE OF THAT
NOVEL TITLE CHARACTERS
NAME THE MOVIE SPORT
SHUT UP
TAKE MY MONEY!
    $200 1
the Olympics

Geoff
    $200 19
an objection

Osman
    $200 11
Robinson Crusoe

Jan
    $200 6
bobsledding

Geoff
    $200 17
mute

Geoff
    $200 23
delivery

Geoff
    $400 2
Delphi

Geoff
    $400 20
(Osman: What is the Commerce Clause?)

the extradition clause

Osman
Triple Stumper
    $400 12
Emma

Geoff
    $400 7
figure skating

Geoff
    $400 10
zip it

Jan
    $400 22
ante

Jan
    $600 3
Socrates

Geoff
    $2,000 26
(Alex: Geoff?)
(Geoff: What is a lie?)

obstruction of justice

Geoff
    $600 13
Bridget Jones

Jan
    $600 8
(Geoff: What is roller skating?)
(Alex: Be more specific.)
(Geoff: [*]. What is [*]?)

roller derby

Geoff
    $600 15
muffler

Jan
    $600 24
Futurama

Geoff
    $800 4
(Osman: Who is Philip of Macedon?)
...
(Alex: Who is the son of Philip of Macedon, [*]?)

Alexander the Great

Osman
Triple Stumper
    $800 21
garnish

Geoff
    $800 14
James

Osman
    $800 9
soccer

Osman
    $800 18
quiet

Osman
    $800 25
Venmo

Geoff
    $1000 5
Aristophanes

Geoff
    $1000 27
modus operandi

Geoff
    $1000 16
Oliver Twist

Jan
    $1000 28
surfing

Geoff
    $1000 29
silence

Osman
    $1000 30
$10,000

Jan

Scores at the first commercial break (after clue 15):

Osman Jan Geoff
$800 $1,800 $3,800

Scores at the end of the Jeopardy! Round:

Osman Jan Geoff
$2,400 $4,200 $6,400

Double Jeopardy! Round responses

SCIENCE FRICTION
DOUBLE "L" WORDS
WE'RE AN AMERICAN LAND
THE NAME OF THE JAMES
WORLD MUSIC GRAMMYS
POTENT MEASUREMENTS
    $400 9
Galileo

Osman
    $400 2
a marshmallow

Osman
    $400 4
Puerto Rico

Geoff
    $400 23
P.T. Barnum

Jan
    $400 14
Shankar

Geoff
    $400 30
a nip

Geoff
    $2,800 10
paleontology

Osman
    $800 3
a lullaby

Geoff
    $800 1
(American) Samoa

Jan
    $800 24
Apollo 13

Osman
    $800 15
Mundo

Osman
    $800 28
proof

Osman
    $1200 11
the void

Triple Stumper
    $1200 6
a chancellor

Jan
    $1200 5
Guam

Osman
    $1200 12
Etta James

Jan
    $1200 18
The Grateful Dead

Osman
    $1200 26
champagne

Osman
    $1600 13
Leibniz

Geoff
    $1600 7
(Osman: Uh, what is the... gall?)

the gullet

Osman
Triple Stumper
    $1600 16
equatorial

Jan
    $1600 20
Stuart

Geoff
    $1600 21
Sergio Mendes

Triple Stumper
    $1600 27
(Jan: What is a hand?)

a pony

Jan
Triple Stumper
    $2000 17
Lavoisier

Geoff
    $2000 8
a whippoorwill

Jan
    $5,500 19
Midway

Osman
    $2000 25
James G. Blaine

Triple Stumper
    $2000 22
The Chieftains

Triple Stumper
    $2000 29
(Osman: What is a gallon?)

a schooner

Osman
Triple Stumper

Scores at the end of the Double Jeopardy! Round:

Osman Jan Geoff
$13,900 $9,800 $13,600

[wagering suggestions for these scores]

Final Jeopardy! Round responses

FASHION BRANDS
(Alex: [To Osman] [*]. LV. LV for 55.)
JanWho is Versace
$7,000
GeoffWho is Versace
$6,001
OsmanWho is Verscace Versace
$9,000
Louis Vuitton

Final scores:

Osman Jan Geoff
$4,900 $2,800 $7,599
2nd place: $2,000 3rd place: $1,000 New champion: $7,599

Game dynamics:

Coryat scores:

Osman Jan Geoff
$8,400 $9,800 $15,600
15 R
(including 2 DDs),
4 W
13 R,
1 W
22 R,
1 W
(including 1 DD)

Combined Coryat: $33,800

The J! Archive is created by fans, for fans. The Jeopardy! game show and all elements thereof, including but not limited to copyright and trademark thereto, are the property of Jeopardy Productions, Inc. and are protected under law. This website is not affiliated with, sponsored by, or operated by Jeopardy Productions, Inc. Join the discussion at JBoard.tv.